| 000 -LEADER |
| fixed length control field |
00398cam a22001097a 4500 |
| 008 - FIXED-LENGTH DATA ELEMENTS--GENERAL INFORMATION |
| fixed length control field |
180718b1963 xxu||||| |||| 00| 0 eng d |
| 082 ## - DEWEY DECIMAL CLASSIFICATION NUMBER |
| Classification number |
R1603x 73 Un3 |
| 245 ## - TITLE STATEMENT |
| Title |
Protective Labor Legislation |
| Statement of responsibility, etc. |
by Presidents Commission on the States of Women |
| 260 ## - PUBLICATION, DISTRIBUTION, ETC. |
| Place of publication, distribution, etc. |
Washington |
| Name of publisher, distributor, etc. |
Presidents Commission on the States of Women |
| Date of publication, distribution, etc. |
1963 |
| 300 ## - PHYSICAL DESCRIPTION |
| Extent |
38p |
| 700 ## - ADDED ENTRY--PERSONAL NAME |
| Personal name |
U.S. Presidents Commission on the States of Women |